Documentos correspondientes al reinado de Sancho Ramírez : (Record no. 184581)
[ view plain ]
| 000 -LEADER | |
|---|---|
| campo de control de longitud fija | 01306nam a2200265 i 4500 |
| 001 - NÚMERO DE CONTROL | |
| campo de control | 184581 |
| 003 - IDENTIFICADOR DE NÚMERO DE CONTROL | |
| campo de control | ES-MaACL |
| 005 - FECHA Y HORA DE LA ÚLTIMA TRANSACCIÓN | |
| campo de control | 20250924140134.0 |
| 008 - DATOS DE LONGITUD FIJA--INFORMACIÓN GENERAL | |
| campo de control de longitud fija | 151023m19071913sp |||| | spa d |
| 245 00 - MENCIÓN DEL TÍTULO | |
| Título | Documentos correspondientes al reinado de Sancho Ramírez : |
| Resto del título | documentos reales procedentes de la Real Casa y Monasterio de San Juan de la Peña / |
| Mención de responsabilidad, etc. | transcripción, prólogo y notas de José Salarrullana y de Dios. |
| 260 ## - PUBLICACIÓN, DISTRIBUCIÓN, ETC. | |
| Lugar de publicación, distribución, etc. | [S.l.] : |
| Nombre del editor, distribuidor, etc. | [s.n.], |
| Fecha de publicación, distribución, etc. | [1907-1913] ( |
| Lugar de fabricación/manufactura | Zaragoza : |
| Fabricante | M. Escar, Tip) |
| 300 ## - DESCRIPCIÓN FÍSICA | |
| Extensión | 2 v. ; |
| Dimensiones | 22 cm. |
| 490 1# - MENCIÓN DE SERIE | |
| Mención de serie | Colección de documentos para el estudio de la historia de Aragón ; |
| Designación de volumen o secuencia | 3, 9 |
| 546 ## - NOTA DE IDIOMA | |
| Nota de lengua/lenguaje | Textos en latín; prólogos en español. |
| 594 ## - Nota al título y mención de responsabilidad | |
| Nota al título y mención de responsabilidad | Vol. 2, transcripción, prólogo y notas de Eduardo Ibarra y Rodríguez. |
| 596 ## - NOTA AL PIE DE IMPRENTA | |
| NOTA AL PIE DE IMPRENTA | Vol. 2 impreso por: Pedro Carra. |
| 610 04 - PUNTO DE ACCESO ADICIONAL DE MATERIA--NOMBRE DE ENTIDAD CORPORATIVA | |
| Nombre de entidad corporativa o nombre de jurisdicción como elemento de entrada | Monasterio de San Juan de la Peña- |
| Subdivisión general | Historia. |
| 9 (RLIN) | 5746 |
| 651 #4 - PUNTO DE ACCESO ADICIONAL DE MATERIA--NOMBRE GEOGRÁFICO | |
| Nombre geográfico | Aragón (Reino)- |
| Subdivisión general | Historia- |
| Subdivisión cronológica | 1063-1094, Sancho I- |
| Subdivisión de forma | Fuentes. |
| 9 (RLIN) | 157999 |
| 700 1# - ENTRADA AGREGADA--NOMBRE PERSONAL | |
| Nombre de persona | Salarrullana de Dios, José. |
| 9 (RLIN) | 158000 |
| 700 1# - ENTRADA AGREGADA--NOMBRE PERSONAL | |
| Nombre de persona | Ibarra y Rodríguez, Eduardo, |
| Fechas asociadas al nombre | 1866-1944 |
| 9 (RLIN) | 64967 |
| 830 00 - PUNTO DE ACCESO ADICIONAL DE SERIE-TÍTULO UNIFORME | |
| Título uniforme | Colección de documentos para el estudio de la historia de Aragón |
| Designación de volumen o secuencia | 3, 9 |
| 9 (RLIN) | 192177 |
| 852 ## - LOCALIZACIÓN | |
| Ubicación | ES-MaACL |
| Número de control de estantería | C-2173 |
| Nota libre | .- Vol. 3 |
| 852 ## - LOCALIZACIÓN | |
| Ubicación | ES-MaACL |
| Número de control de estantería | C-2178 |
| Nota libre | .- Vol. 9 |
| Estatus retirado | Estado de pérdida | Estado de daño | No para préstamo | Biblioteca de origen | Biblioteca actual | Ubicación en estantería | Fecha de adquisición | Fuente de adquisición | Total de préstamos | Signatura topográfica completa | Código de barras | Visto por última vez | Precio de reemplazo | Tipo de ítem Koha |
|---|---|---|---|---|---|---|---|---|---|---|---|---|---|---|
| Biblioteca del Ateneo de Madrid | Biblioteca del Ateneo de Madrid | Sala Palomar | 23/10/2015 | C-2178 | 1194331 | 23/02/2023 | 23/02/2023 | Libro impreso | ||||||
| Biblioteca del Ateneo de Madrid | Biblioteca del Ateneo de Madrid | Sala Palomar | 23/10/2015 | C-2173 | 1194330 | 23/02/2023 | 23/02/2023 | Libro impreso |
